000 00379nam a22001697a 4500
003 MPLRDC
005 20220104160319.0
008 210129b ||||| |||| 00| 0 eng d
082 _a245.3 HHY
100 _a何汉寅牧师
245 _a心路
_c
250 _a初版
260 _a
_b
_c1997
300 _b
650 _a讲道、传道--牧师
942 _cBK
_o245.3 HHY
999 _c54917
_d54907